Music Quiz

Random Music or Bands Quiz

Band by Deceased Member Quiz Stats

Quiz Updated Aug 12, 2013

Challenge
Share
Tweet
Embed
Score 0/20 Timer 04:00
0 Plays Today
Dead Member Band % Correct
Kurt CobainNirvana
94.4%
George HarrisonThe Beatles
93.7%
Freddie MercuryQueen
92.9%
Jim MorrisonThe Doors
84.8%
Jerry GarciaThe Grateful Dead
76.5%
Maurice GibbThe Bee Gees
65.7%
John BonhamLed Zeppelin
56.2%
Carl WilsonThe Beach Boys
53.1%
John EntwistleThe Who
52.6%
Cass ElliottThe Mamas and the Papas
52.5%
Dead Member Band % Correct
Bon ScottACDC
50.8%
Joe StrummerThe Clash
43.4%
Ronnie Van ZantLynyrd Skynyrd
41.8%
Layne StaleyAlice in Chains
29.6%
Shannon HoonBlind Melon
26.1%
Hillel SlovakRed Hot Chili Peppers
23.5%
Bradley NowellSublime
23%
Janis JoplinBig Brother and the Holding Company
22.1%
LeRoi MooreDave Matthews Band
12.8%
Sterling MorrisonThe Velvet Underground
7.6%

You're not logged in!

Compare scores with friends on all Sporcle quizzes.
Sign Up with Email
OR
Log In

You Might Also Like...

Show Comments

Extras

Top Quizzes Today


Score Distribution

Your Account Isn't Verified!

In order to create a playlist on Sporcle, you need to verify the email address you used during registration. Go to your Sporcle Settings to finish the process.